<?xml version="1.0" encoding="UTF-8"?>
<collection xmlns="http://www.loc.gov/MARC21/slim">
 <record>
  <leader>01107pamaa2200193   4500</leader>
  <controlfield tag="001">0000053476</controlfield>
  <controlfield tag="005">20150520090000.0</controlfield>
  <controlfield tag="008">150520s2012                             eng  </controlfield>
  <datafield tag="020" ind1="0" ind2="0">
   <subfield code="a">9780761169253 (pbk.) </subfield>
  </datafield>
  <datafield tag="090" ind1="0" ind2="0">
   <subfield code="a">BF408 </subfield>
   <subfield code="b">KLE 2012</subfield>
  </datafield>
  <datafield tag="100" ind1="1" ind2="0">
   <subfield code="a">Kleon </subfield>
  </datafield>
  <datafield tag="245" ind1="1" ind2="0">
   <subfield code="a">Steal like an artist : </subfield>
   <subfield code="b">10 things nobody told you about being creative  </subfield>
   <subfield code="c">Austin Kleon.</subfield>
  </datafield>
  <datafield tag="260" ind1="0" ind2="0">
   <subfield code="a">New York: </subfield>
   <subfield code="b">Workman Pub. Co., </subfield>
   <subfield code="c">2012.</subfield>
  </datafield>
  <datafield tag="300" ind1=" " ind2=" ">
   <subfield code="a">140, p.: </subfield>
   <subfield code="b">ill.; </subfield>
   <subfield code="c">16 cm.</subfield>
  </datafield>
  <datafield tag="500" ind1="0" ind2="0">
   <subfield code="a">Steal like an artist -- Don't wait until you know who you are to get started -- Write the book you want to read -- Use your hands -- Side projects and hobbies are important -- The secret : do good work and share it with people -- Geography is no longer our master -- Be nice (the world is a small town) -- Be boring (it's the only way to get work done) -- Creativity is subtraction. Offers advice and encouragement to help readers foster creativity and be artistically productive in a wide variety of endeavors</subfield>
  </datafield>
  <datafield tag="501" ind1="0" ind2="0">
   <subfield code="a">Library</subfield>
  </datafield>
  <datafield tag="504" ind1="0" ind2="0">
   <subfield code="a">Includes bibliographical references</subfield>
  </datafield>
  <datafield tag="650" ind1="0" ind2="0">
   <subfield code="a">Creative ability </subfield>
  </datafield>
  <datafield tag="901" ind1=" " ind2=" ">
   <subfield code="u">http://www.workman.com</subfield>
  </datafield>
 </record>
</collection>
